000 00478 a2200193 4500
005 20260108104109.0
008 260106b |||||||| |||| 00| 0 eng d
020 _a9788175248069
_cRs. 900.00
040 _aMAIN
082 _a612
_bS79A
100 _aSuriyawanshi, Shivaji
245 _aAnatomy and physiology
260 _bKhel Sahitya Kendra
_c2026
_aNew Delhi
300 _a322
650 _aAnatomy
650 _aPhysiology
650 _aHuman Anatomy
942 _cBK
999 _c393705
_d393705